00362pab a2200133 454500008004000000100001800040245006500058260000900123300001300132362001200145650002900157650002100186773002100207180718b2011 xxu||||| |||| 00| 0 eng d aPanikar, K.N. aProgressive cultural movement in India: A critical appraisal c2011 ap.14-25. aNov-Dec aCultural history - India aCultural history aSocial Scientist